000 00856nam a2200169 a 4500
008 120416s1975 ||||||||||||||||| || u
020 _a007099451X
050 _aTP 155 Mic
100 _aMickley, Harold S
245 1 0 _aApplied mathematics in chemical engineering
260 _aNew Delhi
_bTata McGraw-Hill
_c1975
350 _a0.00
700 _aReed, E. Charles
995 _aMAIN LIBRARY OPEN ACCESS
_D0.00
_e732844
_FCBU-MAIN LIBRARY (Kitwe)
_H2
_I0.00
_jTP 155 Mic
_M2
_UAVAILABLE
_WMay 2, 2007
_y029654
_ZMain Library Open Access Collection
995 _aMAIN LIBRARY OPEN ACCESS
_D0.00
_e732842
_FCBU-MAIN LIBRARY (Kitwe)
_H1
_I0.00
_jTP 155 Mic
_M1
_UAVAILABLE
_y029656
_ZMain Library Open Access Collection
995 _aMAIN LIBRARY OPEN ACCESS
_D0.00
_e732843
_FCBU-MAIN LIBRARY (Kitwe)
_H3
_I0.00
_jTP 155 Mic
_M3
_UAVAILABLE
_y029655
_ZMain Library Open Access Collection
999 _c84294
_d84294